000 00539nam a2200181 a 4500
001 000035446
005 20200930074340.0
008 111031s1973 sp 000 0 spa d
020 _a8471150654
040 _aDO-SdBNP
_bspa
_cBNPHU
082 _axxxx
_bxxxx
100 1 _aStoker, Bram
_961286
245 1 0 _aDrácula / :
_bBram Stoker.
250 _a2a ed.
260 _aBarcelona, :
_bOrganización editorial novaro,
_c1973.
300 _a525 p. ;
_c17 cm.
590 _aPerteneció a la biblioteca personal de Juan Isidro Jimenes Grullón
999 _c34937
_d34937